| 000 | 00780nam a2200217 a 4500 | ||
|---|---|---|---|
| 005 | 20220816153348.0 | ||
| 008 | 041117s1998 mx r 000 0 spa d | ||
| 020 | _a9701701887 | ||
| 035 | _aUPN01000136428 | ||
| 049 | _aCG | ||
| 050 | 4 |
_aQA76.76 S6.4 _bY6.2 |
|
| 100 | 1 | _aYourdon, Edward | |
| 245 | 1 | 3 |
_aLa bomba de tiempo del 2000 : _bcómo le puede afectar la crisis computacional del año 2000 / _cEdward Yourdon, Jennifer Yourdon ; tr. Marco Antonio Pérez López. |
| 260 |
_aMéxico : _bPrentice Hall, _cc1998. |
||
| 300 | _a416 p : | ||
| 534 |
_pTraducción de: _tTime bomb 2000 |
||
| 650 | 7 |
_aAño 2000 (Sistemas para computadoras) _2 _96481 |
|
| 650 | 4 |
_aPROGRAMAS DE MANTENIMIENTO PARA COMPUTADORAS _913804 |
|
| 700 | 1 |
_aYourdon, Jennifer, _ecoaut. |
|
| 905 | _aLibro | ||
| 999 |
_c108579 _d108579 |
||